[Event "Quezon City U1800 op"]
[Site "Quezon City"]
[Date "2025.05.04"]
[Round "7"]
[White "Cruz, Alvin"]
[Black "Tolentino, Sean Aldryl S"]
[Result "0-1"]
[WhiteElo "1642"]
[BlackElo "1519"]
[PlyCount "70"]
[EventDate "2025.05.03"]
[EventType "swiss"]
[EventRounds "7"]
[EventCountry "PHI"]
[SourceTitle "CB19_2025"]
[SourceDate "2025.05.07"]
[SourceVersion "1"]
[SourceVersionDate "2025.05.07"]
[SourceQuality "1"]

1. e4 d6 2. d4 Nf6 3. Nc3 g6 4. Be3 Bg7 5. Qd2 0-0 6. Bh6 e5 7. Bxg7 Kxg7 8. 0-0-0 exd4 9. Qxd4 Nc6 10. Qd2 Nb8 11. Qd4 Nc6 12. Qd2 Nb8 13. Qd4 Nc6 14. Qd2 Re8 15. f3 Be6 16. Nge2 Nd7 17. Nd4 Nxd4 18. Qxd4+ Qf6 19. Qd2 a6 20. Be2 b5 21. h4 h6 22. g4 Qe7 23. Rde1 Nb6 24. Rd1 Nd7 25. Rde1 Nb6 26. Kb1 Nd7 27. Kc1 Nb6 28. Kb1 Bc4 29. Nd5 Nxd5 30. Bxc4 Nb6 31. Be2 Nd5 32. Bc4 Nb6 33. Be2 Nd5 34. Bc4 Nb6 35. Bd5 Qe5 0-1